Đang tải...
Essentials of human resource management and industrial relations
| Tác giả chính: | |
|---|---|
| Định dạng: | Printed Book |
| Ngôn ngữ: | Undetermined English |
| Được phát hành: |
Bombay
Himalaya Publishing House
1999
|
| Những chủ đề: |
| LEADER | 00611nam a2200181Ia 4500 | ||
|---|---|---|---|
| 008 | 140306s9999 xx 000 0 und d | ||
| 041 | |a eng | ||
| 082 | |a 658.3 |b SUB/ES | ||
| 100 | |a Subba Rao, P | ||
| 245 | |a Essentials of human resource management and industrial relations | ||
| 260 | |a Bombay |b Himalaya Publishing House |c 1999 | ||
| 300 | |a 790 | ||
| 365 | |b Rs. 225 | ||
| 650 | |a Job analysis | ||
| 650 | |a Management development | ||
| 942 | |2 ddc |c BK | ||
| 999 | |c 178815 |d 178815 | ||
| 952 | |0 0 |1 0 |2 ddc |4 0 |6 658_300000000000000_SUB_ES |7 0 |9 183862 |a KAUCBV |b KAUCBV |g 225.00 |l 5 |o 658.3 SUB/ES |r 2019-05-29 |s 2019-04-27 |w 2014-03-22 |y BK | ||